|
|
|
|
| LEADER |
00000nam a2200000 a 4500 |
| 001 |
vtls009964975 |
| 003 |
SK-MaSNL |
| 005 |
20260301083255.0 |
| 007 |
co cgu mnuua |
| 008 |
091030s2009 xo oal fs 100 0 slo |
| 015 |
|
|
|a SNBS2010/01-00841
|
| 020 |
|
|
|a 9788080709693 (elektronická kniha)
|
| 040 |
|
|
|a SNK
|b slo
|c SNK
|e AACR2
|
| 041 |
0 |
|
|a slo
|
| 044 |
|
|
|a xo
|c SK
|
| 072 |
|
7 |
|a 004.4/.6
|x Programové vybavenie. Programové prostriedky
|2 konspekt
|
| 072 |
|
7 |
|a 656
|x Doprava
|2 konspekt
|
| 080 |
|
|
|a 004.4
|2 2001
|
| 080 |
|
|
|a 656
|2 2001
|
| 080 |
|
|
|a (062.534)
|2 2001
|
| 080 |
|
|
|a (0.034.44)
|2 2001
|
| 111 |
2 |
|
|a PTV Vision softvér pre dopravné plánovanie
|n (4. :
|d 2009 :
|c Žilina, Slovensko)
|9 409866
|
| 245 |
1 |
0 |
|a PTV vision softvér pre dopravné plánovanie
|h elektronický zdroj
|b [zborník zo seminára] : Žilina, 29. január 2009
|
| 250 |
|
|
|a [1. vyd.]
|
| 260 |
|
|
|a Žilina
|b Žilinská univerzita
|c [2009]
|
| 300 |
|
|
|a 1 elektronický optický disk (CD-ROM)
|c 12 cm
|
| 500 |
|
|
|a Názov z titulnej obrazovky
|
| 516 |
|
|
|a Textový dokuemnt (zborník), súbory v rôznych formátoch (pdf, ppt, avi) (pdf) (ppt)
|
| 538 |
|
|
|a Technické požiadavky: Adobe Reader, Microsoft Office Power Point
|
| 650 |
0 |
7 |
|a softvér
|2 SNKPH
|9 1223
|
| 650 |
0 |
7 |
|a cestné stavby
|2 SNKPH
|9 63766
|
| 655 |
|
7 |
|a elektronické zdroje
|2 SNKPH
|9 90954
|
| 655 |
|
7 |
|a CD-ROM
|2 SNKPH
|9 70236
|
| 655 |
|
7 |
|a zborníky konferencií
|2 SNKPH
|9 70153
|
| 919 |
|
|
|a 978-80-8070-969-3
|
| 999 |
|
|
|c 660139
|d 662069
|
| 952 |
|
|
|a SNK
|b SNK
|y PREZ
|7 0
|p 17A0637149
|o snkSCDM 2422
|i snk2009/19571
|8 0
|0 0
|1 0
|4 0
|d 2009-10-30
|l 0
|r 2026-02-23 18:51:10
|w 2026-02-23
|
| 952 |
|
|
|t snkPTV 656:004.4
|a SNKMST
|b SNKMST
|y PREZ
|7 0
|p 17A0637150
|o snkSCDM 2422 D1
|i snk2009/19572
|8 0
|0 0
|1 0
|4 0
|d 2009-10-30
|l 0
|r 2025-08-13 00:00:00
|w 2026-02-23
|